| 000 | 00359 a2200157 4500 | ||
|---|---|---|---|
| 001 | 61145 | ||
| 020 | _a8504005836 | ||
| 040 | _cAnchieta - Pituba | ||
| 100 | _aCorrêa, Viriato | ||
| 240 | 1 | 0 |
_aHistórias da nossa história _lpor |
| 245 | 1 | 0 | _aHistórias da nossa história |
| 300 | _a127 | ||
| 362 | 0 | _a2002 | |
| 650 | 4 | _aLiteratura juvenil | |
| 942 | _cBK | ||
| 999 |
_c61145 _d61145 |
||